EEG methods for social and personality psychology / (Record no. 479576)
[ view plain ]
| 000 -LEADER | |
|---|---|
| fixed length control field | 01891cam a2200421 i 4500 |
| 001 - CONTROL NUMBER | |
| control field | EDZ0000109421 |
| 003 - CONTROL NUMBER IDENTIFIER | |
| control field | StDuBDS |
| 005 - DATE AND TIME OF LATEST TRANSACTION | |
| control field | 20161031105119.0 |
| 006 - FIXED-LENGTH DATA ELEMENTS--ADDITIONAL MATERIAL CHARACTERISTICS--GENERAL INFORMATION | |
| fixed length control field | m||||||||d|||||||| |
| 007 - PHYSICAL DESCRIPTION FIXED FIELD--GENERAL INFORMATION | |
| fixed length control field | cr ||||||||||| |
| 008 - FIXED-LENGTH DATA ELEMENTS--GENERAL INFORMATION | |
| fixed length control field | 121130s2014 caua fo| 001|0|eng|d |
| 020 ## - INTERNATIONAL STANDARD BOOK NUMBER | |
| International Standard Book Number | 9781446270356 (ebook) : |
| Terms of availability | No price |
| 040 ## - CATALOGING SOURCE | |
| Original cataloging agency | StDuBDS |
| Language of cataloging | eng |
| Transcribing agency | StDuBDS |
| Description conventions | rda |
| -- | pn |
| 049 ## - LOCAL HOLDINGS (OCLC) | |
| Holding library | Alfaisal Main Library |
| 050 #4 - LIBRARY OF CONGRESS CALL NUMBER | |
| Classification number | RC343 |
| 082 04 - DEWEY DECIMAL CLASSIFICATION NUMBER | |
| Classification number | 612.8 |
| Edition number | 23 |
| 100 1# - MAIN ENTRY--PERSONAL NAME | |
| Personal name | Dickter, Cheryl L., |
| Relator term | author. |
| 245 10 - TITLE STATEMENT | |
| Title | EEG methods for social and personality psychology / |
| Statement of responsibility, etc | Cheryl L. Dickter and Paul D. Kieffaber. |
| 264 #1 - PRODUCTION, PUBLICATION, DISTRIBUTION, MANUFACTURE STATEMENTS | |
| Place of production, publication, distribution, manufacture | Thousand Oaks, California : |
| Name of producer, publisher, distributor, manufacturer | SAGE Publications, |
| Date of production, publication, distribution, manufacture | 2014. |
| 300 ## - PHYSICAL DESCRIPTION | |
| Extent | 1 online resource (vii, 168 pages) : |
| Other physical details | illustrations (black and white) |
| 336 ## - CONTENT TYPE | |
| Content Type Term | text |
| Source | rdacontent |
| 336 ## - CONTENT TYPE | |
| Content Type Term | still image |
| Source | rdacontent |
| 337 ## - MEDIA TYPE | |
| Media Type Term | computer |
| Source | rdamedia |
| 338 ## - CARRIER TYPE | |
| Carrier Type Term | online resource |
| Source | rdacarrier |
| 504 ## - BIBLIOGRAPHY, ETC. NOTE | |
| Bibliography, etc | Includes bibliographical references and index. |
| 520 8# - SUMMARY, ETC. | |
| Summary, etc | This book provides an introduction to the technology and techniques of EEG in the context of social neuroscience research that will appeal to investigators (students or researchers) wishing to broaden their research aims to include EEG, and to those already using EEG but wishing to expand their analytic repertoire. |
| 521 ## - TARGET AUDIENCE NOTE | |
| Target audience note | Specialized. |
| 588 ## - | |
| -- | Description based on online resource; title from home page (viewed on December 10, 2014). |
| 650 #0 - SUBJECT ADDED ENTRY--TOPICAL TERM | |
| Topical term or geographic name as entry element | Electroencephalography. |
| 650 #0 - SUBJECT ADDED ENTRY--TOPICAL TERM | |
| Topical term or geographic name as entry element | Neurosciences |
| General subdivision | Research |
| -- | Methodology. |
| 650 #0 - SUBJECT ADDED ENTRY--TOPICAL TERM | |
| Topical term or geographic name as entry element | Social sciences |
| General subdivision | Research |
| -- | Methodology. |
| 655 #7 - INDEX TERM--GENRE/FORM | |
| Genre/form data or focus term | Electronic books. |
| Source of term | local |
| 700 1# - ADDED ENTRY--PERSONAL NAME | |
| Personal name | Kieffaber, Paul D., |
| Relator term | author. |
| 710 2# - ADDED ENTRY--CORPORATE NAME | |
| Corporate name or jurisdiction name as entry element | Sage eBooks |
| 776 08 - ADDITIONAL PHYSICAL FORM ENTRY | |
| Display text | Print version : |
| International Standard Book Number | 9781446249239 |
| 856 40 - ELECTRONIC LOCATION AND ACCESS | |
| Uniform Resource Identifier | <a href="http://ezproxy.alfaisal.edu/login?url=http://sk.sagepub.com/books/eeg-methods-of-social-and-personality-psychology">http://ezproxy.alfaisal.edu/login?url=http://sk.sagepub.com/books/eeg-methods-of-social-and-personality-psychology</a> |
| 942 ## - ADDED ENTRY ELEMENTS (KOHA) | |
| Source of classification or shelving scheme | Library of Congress Classification |
| Koha item type | eBooks |
No items available.

